000 00334nam a2200121Ia 4500
008 220901s9999||||xx |||||||||||||| ||und||
082 _a510 PAR
100 _aParimala, R.
245 0 _aJournal of the ramanujan society
250 _aVol. 25 Issue 3 & 4
260 _bThe Ramanujan Mathematical society
_c2010
650 _aMathematics
999 _c193981
_d193981